[Event "Campeonato del mundo sub-18"]
[Site "Kemer TUR"]
[Date "2009.11.19"]
[Round "8.2"]
[White "Adhiban, Baskaran"]
[Black "Matlakov, Maxim"]
[Result "1/2-1/2"]
[WhiteElo "2486"]
[BlackElo "2575"]
[PlyCount "45"]
[EventDate "2009.11.11"]
[EventType "swiss"]
[EventRounds "11"]
[EventCountry "ESP"]
[Source "lmi"]
[SourceDate "2009.11.11"]

1. d4 d5 2. Nf3 Nf6 3. c4 c6 4. Nc3 e6 5. Bg5 h6 6. Bh4 dxc4 7. e4 g5 8. Bg3 b5
9. Be2 Bb7 10. O-O Nbd7 11. Ne5 Bb4 12. Qc2 h5 13. h3 g4 14. h4 Qe7 15. a3 Ba5
16. Rad1 Nxe5 17. Bxe5 Bb6 18. Qc1 Rg8 19. Bg3 O-O-O 20. b3 cxb3 21. e5 Ne8 22.
d5 Qc5 23. d6 1/2-1/2

[Event "Campeonato del mundo sub-18"]
[Site "Kemer TUR"]
[Date "2009.11.19"]
[Round "8.3"]
[White "Ter-Sahakyan, Samvel"]
[Black "Rozum, Ivan"]
[Result "0-1"]
[WhiteElo "2512"]
[BlackElo "2458"]
[PlyCount "88"]
[EventDate "2009.11.11"]
[EventType "swiss"]
[EventRounds "11"]
[EventCountry "ESP"]
[Source "lmi"]
[SourceDate "2009.11.11"]

1. e4 c6 2. Nf3 d5 3. Nc3 Bg4 4. h3 Bxf3 5. Qxf3 e6 6. d3 Nf6 7. a3 Nbd7 8. g4
g6 9. Qg3 Qb6 10. Bg2 O-O-O 11. f4 h5 12. e5 Ng8 13. Ne2 Bg7 14. d4 hxg4 15.
hxg4 Rxh1+ 16. Bxh1 Ne7 17. b3 Rh8 18. Bg2 f6 19. Be3 Qa5+ 20. Bd2 Qc7 21.
O-O-O c5 22. exf6 Bxf6 23. Qe3 Qd6 24. Bc3 Rf8 25. Kb1 Nc6 26. dxc5 Qxc5 27.
Qxc5 Nxc5 28. Bxf6 Rxf6 29. g5 Rf8 30. Rh1 e5 31. fxe5 Rf2 32. Bh3+ Kb8 33. Nc3
d4 34. Nd5 Nxe5 35. b4 Ne4 36. Bf5 Nd2+ 37. Kc1 a6 38. Rh8+ Ka7 39. Bc8 Ndc4
40. Kd1 Rd2+ 41. Kc1 d3 42. cxd3 Nxd3+ 43. Kb1 Nxa3+ 44. Ka1 Nc1 0-1

[Event "Campeonato del mundo sub-18"]
[Site "Kemer TUR"]
[Date "2009.11.19"]
[Round "8.4"]
[White "Benidze, Davit"]
[Black "Chirila, Ioan-Cristian"]
[Result "1-0"]
[WhiteElo "2450"]
[BlackElo "2510"]
[PlyCount "89"]
[EventDate "2009.11.11"]
[EventType "swiss"]
[EventRounds "11"]
[EventCountry "ESP"]
[Source "lmi"]
[SourceDate "2009.11.11"]

1. d4 Nf6 2. c4 c5 3. Nf3 e6 4. g3 cxd4 5. Nxd4 Qc7 6. b3 a6 7. Bg2 Nc6 8. O-O
Be7 9. Bb2 O-O 10. Nc3 d6 11. Rc1 Ne5 12. e3 Bd7 13. Qe2 Rac8 14. Rfd1 Qb8 15.
Ne4 b5 16. Nxf6+ Bxf6 17. Ba3 Rfd8 18. Nf3 Be8 19. Nxe5 Bxe5 20. cxb5 Bxb5 21.
Qd2 d5 22. Rxc8 Rxc8 23. Rc1 h5 24. Rxc8+ Qxc8 25. Qc1 Qd8 26. h4 Qa5 27. Bf3
g6 28. Kg2 Kh7 29. Bb2 Bxb2 30. Qxb2 Qe1 31. Kh2 e5 32. Bxd5 Be2 33. f4 Bd3 34.
Bg2 e4 35. Qf6 Qxe3 36. Qxf7+ Kh6 37. f5 gxf5 38. Qf6+ Kh7 39. Qxf5+ Kh6 40.
Qf4+ Qxf4 41. gxf4 Kg6 42. Kg3 e3 43. Bh3 Be2 44. f5+ Kf6 45. Kf4 1-0

[Event "Campeonato del mundo sub-18"]
[Site "Kemer TUR"]
[Date "2009.11.19"]
[Round "8.5"]
[White "Shukh, Nikolay"]
[Black "Bogner, Sebastian"]
[Result "1/2-1/2"]
[WhiteElo "2438"]
[BlackElo "2504"]
[PlyCount "120"]
[EventDate "2009.11.11"]
[EventType "swiss"]
[EventRounds "11"]
[EventCountry "ESP"]
[Source "lmi"]
[SourceDate "2009.11.11"]

1. e4 c5 2. Nf3 d6 3. d4 cxd4 4. Nxd4 Nf6 5. Nc3 a6 6. Be3 Ng4 7. Bc1 Nf6 8.
Be3 Ng4 9. Bg5 h6 10. Bh4 g5 11. Bg3 Bg7 12. Be2 Nf6 13. Qd2 Nc6 14. Nxc6 bxc6
15. e5 dxe5 16. Qxd8+ Kxd8 17. Bxe5 Ne8 18. O-O-O+ Bd7 19. Bxg7 Nxg7 20. h4 Kc7
21. hxg5 hxg5 22. Ne4 Ne6 23. Bc4 g4 24. Rhe1 Rh5 25. b3 a5 26. a4 Rd8 27. Ng3
Rg5 28. Rh1 Re5 29. Rde1 Rxe1+ 30. Rxe1 Rh8 31. Re5 Rh2 32. Bf1 c5 33. Kb2 Bc6
34. Ne4 Kd7 35. Nxc5+ Nxc5 36. Rxc5 Bxg2 37. Bxg2 Rxg2 38. Rxa5 Rxf2 39. Rg5 f5
40. a5 Ke6 41. a6 Rd2 42. b4 Rd8 43. b5 Ra8 44. Rg6+ Kf7 45. b6 Rxa6 46. b7
Rxg6 47. b8=Q g3 48. Qb5 g2 49. Qxf5+ Kg7 50. Qe5+ Kg8 51. Qd5+ Kh7 52. Qh5+
Kg7 53. Qe5+ Kg8 54. Qd5+ Kh7 55. Qf7+ Rg7 56. Qh5+ Kg8 57. Qd5+ Kh7 58. Qe4+
Kg8 59. Qc4+ Kh7 60. Qd3+ Kg8 1/2-1/2

[Event "Campeonato del mundo sub-18"]
[Site "Kemer TUR"]
[Date "2009.11.19"]
[Round "8.6"]
[White "Rasulov, Vugar Ural Oglu"]
[Black "Balog, Imre"]
[Result "1-0"]
[WhiteElo "2427"]
[BlackElo "2491"]
[PlyCount "243"]
[EventDate "2009.11.11"]
[EventType "swiss"]
[EventRounds "11"]
[EventCountry "ESP"]
[Source "lmi"]
[SourceDate "2009.11.11"]

1. e4 e6 2. d4 d5 3. Nd2 c5 4. exd5 Qxd5 5. Ngf3 cxd4 6. Bc4 Qd6 7. Qe2 Nf6 8.
Nb3 Nc6 9. Bg5 Be7 10. O-O-O h6 11. Bh4 Qf4+ 12. Kb1 Qe4 13. Qd2 O-O 14. Bg3
Rd8 15. Rhe1 Qf5 16. Qe2 Qh5 17. Bh4 Nd5 18. Bxe7 Ndxe7 19. Nfxd4 Qxe2 20. Nxe2
Kf8 21. Na5 a6 22. Nc3 b6 23. Nxc6 Nxc6 24. Be2 Bd7 25. f4 Be8 26. Bf3 Rab8 27.
Be2 b5 28. Ne4 Nd4 29. Bf1 Bc6 30. Nc5 a5 31. Nd3 b4 32. Ne5 Be8 33. Rd2 Nb5
34. Kc1 Rxd2 35. Kxd2 a4 36. Re4 Nd6 37. Rd4 Ke7 38. b3 Nf5 39. Rc4 Nd6 40. Rd4
Nf5 41. Rc4 Nd6 42. Rc7+ Kf6 43. Bd3 g5 44. Nd7+ Bxd7 45. Rxd7 axb3 46. axb3
Rb6 47. fxg5+ hxg5 48. Rc7 Ke5 49. Rc5+ Kf4 50. Ke2 Kg4 51. Ke3 f5 52. Be2+ Kh4
53. Rc7 g4 54. Kf4 Kh5 55. Re7 Nb7 56. Bc4 Nc5 57. Ke5 Rc6 58. Bb5 Rb6 59. Be2
Kg6 60. Bc4 Rc6 61. g3 Rc8 62. Ra7 Rc6 63. Bb5 Rc8 64. Re7 Rh8 65. Be8+ Kg5 66.
Rg7+ Kh6 67. Re7 Kg5 68. Kd6 Ne4+ 69. Kxe6 Rxh2 70. Rg7+ Kh6 71. Rg6+ Kh7 72.
Kxf5 Nxg3+ 73. Kxg4 Nf1 74. Rc6 Kg7 75. Kf3 Nd2+ 76. Kf4 Rh4+ 77. Ke3 Nxb3 78.
cxb3 Rh3+ 79. Kd2 Rxb3 80. Rb6 Rb2+ 81. Kc1 Re2 82. Bg6 b3 83. Bd3 Re3 84. Kd2
Re5 85. Rxb3 Kf6 86. Rb4 Ke6 87. Be4 Ra5 88. Ke3 Ke5 89. Rb8 Ra3+ 90. Bd3 Kd5
91. Rb5+ Kc6 92. Rh5 Ra7 93. Bc4 Kb6 94. Kd4 Rc7 95. Rh1 Rc6 96. Rb1+ Kc7 97.
Bd5 Rb6 98. Rh1 Kd6 99. Rh2 Rb4+ 100. Bc4 Ke7 101. Rf2 Rb8 102. Ke5 Rf8 103.
Rh2 Kd7 104. Rh6 Kc7 105. Rg6 Rd8 106. Rf6 Rd2 107. Bd5 Rd1 108. Rf7+ Kb6 109.
Kd6 Kb5 110. Rb7+ Ka4 111. Kc5 Rc1+ 112. Bc4 Ka3 113. Rb3+ Ka2 114. Kd4 Ka1
115. Ra3+ Kb2 116. Ra2+ Kb1 117. Rf2 Ka1 118. Bd3 Rc8 119. Bc4 Rb8 120. Ra2+
Kb1 121. Kc3 Rd8 122. Ra7 1-0

[Event "Campeonato del mundo sub-18"]
[Site "Kemer TUR"]
[Date "2009.11.19"]
[Round "8.7"]
[White "Pavlidis, Antonios"]
[Black "Yilmaz, Mustafa"]
[Result "0-1"]
[WhiteElo "2364"]
[BlackElo "2468"]
[PlyCount "96"]
[EventDate "2009.11.11"]
[EventType "swiss"]
[EventRounds "11"]
[EventCountry "ESP"]
[Source "lmi"]
[SourceDate "2009.11.11"]

1. e4 c5 2. Nf3 d6 3. d4 cxd4 4. Nxd4 Nf6 5. Nc3 a6 6. Bg5 e6 7. f4 Nc6 8. e5
h6 9. Bh4 g5 10. fxg5 Nd5 11. Nxd5 exd5 12. exd6 Bxd6 13. Nxc6 bxc6 14. Qd4
Qe7+ 15. Be2 Be5 16. Qa4 Qd6 17. Bg3 Bd7 18. gxh6 Rb8 19. Qa3 Qxa3 20. bxa3
Bc3+ 21. Kf2 Rb2 22. Bf4 Bd4+ 23. Be3 Bxe3+ 24. Kxe3 Rxc2 25. Bd3 Rxg2 26. Rhe1
Kd8 27. h7 f5 28. Kd4 Rxh7 29. Rab1 Kc7 30. Kc5 Rxa2 31. Rb3 Rhxh2 32. Reb1
Rac2+ 33. Bxc2 Rxc2+ 34. Kd4 Kd6 35. Rb6 Rc4+ 36. Kd3 Ra4 37. R1b3 Ke5 38. Rb7
c5 39. Kd2 Rd4+ 40. Rd3 Rxd3+ 41. Kxd3 Bb5+ 42. Kd2 d4 43. Re7+ Kd5 44. Rf7 Ke6
45. Rc7 c4 46. Rc5 c3+ 47. Kc2 f4 48. a4 Be2 0-1

[Event "Campeonato del mundo sub-18"]
[Site "Kemer TUR"]
[Date "2009.11.19"]
[Round "8.8"]
[White "Shreyansh, Daklia"]
[Black "Krejci, Jan"]
[Result "0-1"]
[WhiteElo "2236"]
[BlackElo "2458"]
[PlyCount "86"]
[EventDate "2009.11.11"]
[EventType "swiss"]
[EventRounds "11"]
[EventCountry "ESP"]
[Source "lmi"]
[SourceDate "2009.11.11"]

1. e4 e5 2. Nf3 Nc6 3. Bb5 a6 4. Ba4 Nf6 5. d3 b5 6. Bb3 Be7 7. O-O d6 8. c3
O-O 9. Re1 Na5 10. Bc2 c5 11. Nbd2 Nc6 12. Nf1 Re8 13. Ne3 Bf8 14. h3 h6 15.
Nh2 d5 16. Nhg4 Nxg4 17. hxg4 d4 18. Nf5 g6 19. Ng3 Qh4 20. Nf5 gxf5 21. gxf5
c4 22. Qf3 h5 23. g3 Qh3 24. Bd1 Ra7 25. Be2 cxd3 26. Bxd3 f6 27. Bf1 Qg4 28.
Qh1 Rh7 29. Be2 Qg7 30. Bxh5 dxc3 31. bxc3 Bc5 32. Qf3 Rd8 33. Kg2 Ne7 34. Rh1
Nxf5 35. a4 Nd6 36. axb5 Bb7 37. Rh4 Nxe4 38. Rxe4 Rxh5 39. Qxh5 Bxe4+ 40. f3
Bg6 41. Qh4 axb5 42. Bh6 Qe7 43. Rh1 Kf7 0-1

[Event "Campeonato del mundo sub-18"]
[Site "Kemer TUR"]
[Date "2009.11.19"]
[Round "8.9"]
[White "Nabaty, Tamir"]
[Black "Kleijn, Christov"]
[Result "1-0"]
[WhiteElo "2508"]
[BlackElo "2383"]
[PlyCount "117"]
[EventDate "2009.11.11"]
[EventType "swiss"]
[EventRounds "11"]
[EventCountry "ESP"]
[Source "lmi"]
[SourceDate "2009.11.11"]

1. e4 c5 2. Nf3 d6 3. d4 cxd4 4. Nxd4 Nf6 5. Nc3 a6 6. h3 e6 7. g4 Be7 8. Bg2
Qc7 9. Be3 Nc6 10. Qe2 Nd7 11. O-O-O O-O 12. f4 Nxd4 13. Bxd4 b5 14. e5 Bb7 15.
Bxb7 Qxb7 16. Ne4 dxe5 17. fxe5 Qc7 18. g5 Rac8 19. Nf6+ Kh8 20. Rhg1 Rfd8 21.
c3 Nf8 22. Qh5 Bc5 23. Bxc5 Qxc5 24. Qxf7 Rxd1+ 25. Rxd1 gxf6 26. gxf6 Rc7 27.
Qe8 Rc8 28. Qf7 Rc7 29. Qe8 Kg8 30. Kb1 Qf2 31. a3 Rf7 32. Qb8 h5 33. Ka2 Qa7
34. Qd8 Qc7 35. Rg1+ Kh8 36. Qd2 Qc4+ 37. Ka1 Qe4 38. Qg5 Qh7 39. Qg2 Nd7 40.
Qc6 Nf8 41. Qe8 h4 42. Rg4 Qh5 43. Ka2 Qh7 44. a4 Qh5 45. Ka3 Qh7 46. b3 a5 47.
Kb2 Qd3 48. Rxh4+ Kg8 49. Rg4+ Kh8 50. Rh4+ Kg8 51. Rg4+ Kh8 52. Rg2 Qd7 53.
Qxd7 Nxd7 54. axb5 Nxe5 55. Re2 Nd3+ 56. Kc2 Nc5 57. Re5 Rc7 58. c4 Kg8 59. b6
1-0

[Event "Campeonato del mundo sub-18"]
[Site "Kemer TUR"]
[Date "2009.11.19"]
[Round "8.11"]
[White "Hovhannisyan, Robert"]
[Black "Arslanov, Shamil"]
[Result "0-1"]
[WhiteElo "2487"]
[BlackElo "2379"]
[PlyCount "90"]
[EventDate "2009.11.11"]
[EventType "swiss"]
[EventRounds "11"]
[EventCountry "ESP"]
[Source "lmi"]
[SourceDate "2009.11.11"]

1. e4 e6 2. Nf3 d5 3. Nc3 Nf6 4. e5 Nfd7 5. d4 c5 6. dxc5 Nc6 7. Bf4 Bxc5 8.
Bd3 f6 9. exf6 Nxf6 10. Qe2 O-O 11. O-O-O Qa5 12. Kb1 Nb4 13. Be5 Nxd3 14. cxd3
Bd7 15. Nd4 Qa6 16. g4 Bxd4 17. Bxd4 e5 18. Qxe5 Bxg4 19. Rd2 Rae8 20. Qg3 Bf5
21. Nxd5 Nh5 22. Qf3 Bg6 23. Qd1 Qd6 24. Bxg7 Kxg7 25. Nc3 Nf4 26. Ka1 Bxd3 27.
Qf3 b6 28. h4 Kh8 29. h5 a6 30. Rhd1 b5 31. a3 b4 32. axb4 Qxb4 33. Rxd3 Nxd3
34. Qxd3 Rxf2 35. Rb1 Rf4 36. Qxa6 Qf8 37. Na2 Ra8 38. Qe6 Rfa4 39. b4 Qg7+ 40.
Rb2 Qg1+ 41. Rb1 Qd4+ 42. Rb2 Qd1+ 43. Rb1 Rxa2+ 44. Qxa2 Rxa2+ 45. Kxa2 Qa4+
0-1

[Event "Campeonato del mundo sub-18"]
[Site "Kemer TUR"]
[Date "2009.11.19"]
[Round "8.12"]
[White "Salem, A.R.Saleh"]
[Black "Narmontas, Matas"]
[Result "1-0"]
[WhiteElo "2472"]
[BlackElo "2370"]
[PlyCount "61"]
[EventDate "2009.11.11"]
[EventType "swiss"]
[EventRounds "11"]
[EventCountry "ESP"]
[Source "lmi"]
[SourceDate "2009.11.11"]

1. d4 d5 2. c4 c6 3. Nc3 Nf6 4. e3 a6 5. Qc2 b5 6. b3 Bg4 7. Nge2 e6 8. Ng3 Bd6
9. h3 Bh5 10. Nxh5 Nxh5 11. g4 Nf6 12. Bd3 e5 13. g5 bxc4 14. bxc4 Ne4 15. Bxe4
dxe4 16. Nxe4 Bb4+ 17. Ke2 exd4 18. Rd1 Qc8 19. Rxd4 Be7 20. Bb2 Qxh3 21. Ng3
Qe6 22. Re4 Qg6 23. Rxe7+ Kxe7 24. Nf5+ Kd8 25. Rd1+ Nd7 26. Rxd7+ Kxd7 27.
Qd3+ Kc7 28. Be5+ Kb7 29. Qb3+ Kc8 30. Qb6 Qh5+ 31. f3 1-0

[Event "Campeonato del mundo sub-18"]
[Site "Kemer TUR"]
[Date "2009.11.19"]
[Round "8.13"]
[White "Durarbeyli, Vasif"]
[Black "Darini, Pouria"]
[Result "0-1"]
[WhiteElo "2456"]
[BlackElo "2366"]
[PlyCount "81"]
[EventDate "2009.11.11"]
[EventType "swiss"]
[EventRounds "11"]
[EventCountry "ESP"]
[Source "lmi"]
[SourceDate "2009.11.11"]

1. e4 c5 2. Nf3 d6 3. d4 cxd4 4. Nxd4 Nf6 5. Nc3 a6 6. Bg5 e6 7. f4 Be7 8. Qf3
Qc7 9. O-O-O Nbd7 10. Bd3 h6 11. Bh4 g5 12. fxg5 Ne5 13. Qe2 Nfg4 14. Nf3 hxg5
15. Bg3 Bd7 16. h3 Nf6 17. Nxe5 dxe5 18. Bf2 O-O-O 19. g4 Bc6 20. Be3 Nd7 21.
Qf2 Rhe8 22. Rhf1 b5 23. Kb1 Kb8 24. h4 gxh4 25. g5 h3 26. Qg3 b4 27. Ne2 Qb7
28. Qxh3 Bxe4 29. Qh5 Bc5 30. Ng3 Bg2 31. Bc1 Nb6 32. Rf6 Nd5 33. Rh6 Bf3 34.
Qh2 Bxd1 35. Ne4 Bd4 36. Qg3 Rh8 37. Nd6 Qc7 38. Ne4 Rxh6 39. gxh6 Rc8 40. Qh2
f5 41. Ng5 0-1

[Event "Campeonato del mundo sub-18"]
[Site "Kemer TUR"]
[Date "2009.11.19"]
[Round "8.14"]
[White "Janev, Tihomir"]
[Black "Abasov, Nijat"]
[Result "1/2-1/2"]
[WhiteElo "2335"]
[BlackElo "2522"]
[PlyCount "73"]
[EventDate "2009.11.11"]
[EventType "swiss"]
[EventRounds "11"]
[EventCountry "ESP"]
[Source "lmi"]
[SourceDate "2009.11.11"]

1. Nf3 Nf6 2. c4 e6 3. g3 b6 4. Bg2 Bb7 5. O-O Be7 6. b3 O-O 7. Bb2 c5 8. e3 d5
9. Nc3 dxc4 10. bxc4 Nc6 11. Qe2 Rc8 12. Rfd1 Qc7 13. Ne1 Rfd8 14. d3 Rd7 15.
f4 Rcd8 16. g4 a6 17. Rab1 Na7 18. g5 Ne8 19. Bxb7 Qxb7 20. Nf3 Nc6 21. Ne4 b5
22. Ba1 Qa8 23. cxb5 axb5 24. Rxb5 Nb4 25. Ne1 c4 26. Nf2 Qa4 27. Re5 Nxd3 28.
Nexd3 cxd3 29. Qb2 Qa7 30. Qb3 Rb7 31. Rb5 Rxb5 32. Qxb5 d2 33. Bd4 Qxa2 34.
Qd3 Bb4 35. Ne4 Rc8 36. Nxd2 Rc2 37. Nf3 1/2-1/2

[Event "Campeonato del mundo sub-18"]
[Site "Kemer TUR"]
[Date "2009.11.19"]
[Round "8.15"]
[White "Martinovic, Sasa"]
[Black "Wageih, Kareim"]
[Result "1-0"]
[WhiteElo "2483"]
[BlackElo "2324"]
[PlyCount "59"]
[EventDate "2009.11.11"]
[EventType "swiss"]
[EventRounds "11"]
[EventCountry "ESP"]
[Source "lmi"]
[SourceDate "2009.11.11"]

1. d4 d5 2. c4 c6 3. Nc3 dxc4 4. e4 e5 5. dxe5 Qxd1+ 6. Kxd1 b5 7. f4 a5 8. Be3
Nd7 9. Nf3 Bc5 10. Ke2 Ba6 11. Kf2 O-O-O 12. Rd1 h6 13. g3 Ne7 14. Bh3 Bxe3+
15. Kxe3 Kc7 16. Bxd7 Rxd7 17. Rxd7+ Kxd7 18. Rd1+ Kc7 19. f5 Re8 20. Ne2 b4
21. Nf4 g5 22. Nh5 a4 23. e6 f6 24. Rd7+ Kc8 25. Nxf6 Rd8 26. Rxe7 c3 27. bxc3
bxc3 28. Rd7 Rxd7 29. exd7+ Kd8 30. Ne5 1-0

[Event "Campeonato del mundo sub-18"]
[Site "Kemer TUR"]
[Date "2009.11.19"]
[Round "8.17"]
[White "Yaksin, Oleg"]
[Black "Faizulaev, Akmal"]
[Result "0-1"]
[WhiteElo "2406"]
[BlackElo "2303"]
[PlyCount "111"]
[EventDate "2009.11.11"]
[EventType "swiss"]
[EventRounds "11"]
[EventCountry "ESP"]
[Source "lmi"]
[SourceDate "2009.11.11"]

1. d4 Nf6 2. c4 g6 3. Nf3 Bg7 4. g3 O-O 5. Bg2 d6 6. O-O Nc6 7. Nc3 a6 8. b3
Rb8 9. a4 a5 10. Bb2 Bf5 11. Nh4 Bd7 12. d5 Nb4 13. Na2 Na6 14. Nc1 e6 15. dxe6
Bxe6 16. Nd3 Re8 17. Nf3 Ne4 18. Bxg7 Kxg7 19. Nd4 Bd7 20. Bxe4 Rxe4 21. e3 Qg5
22. Re1 Rbe8 23. Ne2 Nc5 24. f4 Qd8 25. Nxc5 dxc5 26. Qd2 Bg4 27. Qc3+ Kg8 28.
h3 Bxh3 29. Rad1 Qc8 30. Qf6 R4e6 31. Qh4 Bf5 32. Nc3 Kg7 33. Kf2 h5 34. Rd2 f6
35. Nb5 Rd8 36. Red1 Rxd2+ 37. Rxd2 Re7 38. Qh1 Be4 39. Qf1 Qg4 40. Qd1 Qh3 41.
Qg1 Rd7 42. Rxd7+ Qxd7 43. Qc1 Qg4 44. Nxc7 Qf3+ 45. Ke1 Qxg3+ 46. Kd2 h4 47.
Ne8+ Kh6 48. Nxf6 Qg2+ 49. Kc3 Bf5 50. Qd1 Qg3 51. Kb2 Qxe3 52. Ka2 Qxf4 53.
Qd8 Qd4 54. Qf8+ Kg5 55. Nh7+ Kg4 56. Qe7 0-1

[Event "Campeonato del mundo sub-18"]
[Site "Kemer TUR"]
[Date "2009.11.19"]
[Round "8.18"]
[White "Shyam, Nikhil Ponnusamy"]
[Black "Bebel, Arkadiusz"]
[Result "1/2-1/2"]
[WhiteElo "2393"]
[BlackElo "2275"]
[PlyCount "68"]
[EventDate "2009.11.11"]
[EventType "swiss"]
[EventRounds "11"]
[EventCountry "ESP"]
[Source "lmi"]
[SourceDate "2009.11.11"]

1. e4 c5 2. Nf3 e6 3. d4 cxd4 4. Nxd4 Nf6 5. Nc3 d6 6. Be2 Be7 7. O-O O-O 8. f4
Nc6 9. Kh1 a6 10. Be3 Qc7 11. Qe1 Nxd4 12. Bxd4 b5 13. a3 Bb7 14. Qg3 g6 15. f5
e5 16. Be3 Kh8 17. Bg5 Qd8 18. Qh4 Rg8 19. Rad1 Bc8 20. Rd3 gxf5 21. exf5 Rxg5
22. Qxg5 Bb7 23. Rg3 Qf8 24. Qe3 Qb8 25. Bf3 d5 26. Qg5 Qf8 27. Bxd5 Bxd5 28.
Nxd5 Nxd5 29. f6 Bc5 30. Qxe5 Bd6 31. Qxd5 Bxg3 32. hxg3 Qh6+ 33. Kg1 Qe3+ 34.
Rf2 Qc1+ 1/2-1/2

[Event "Campeonato del mundo sub-18"]
[Site "Kemer TUR"]
[Date "2009.11.19"]
[Round "8.19"]
[White "Kulakov, Viacheslav"]
[Black "Schon, Eugene"]
[Result "1-0"]
[WhiteElo "2380"]
[BlackElo "2171"]
[PlyCount "107"]
[EventDate "2009.11.11"]
[EventType "swiss"]
[EventRounds "11"]
[EventCountry "ESP"]
[Source "lmi"]
[SourceDate "2009.11.11"]

1. d4 d5 2. Bg5 h6 3. Bh4 c6 4. c3 Bf5 5. Nd2 Qb6 6. Qb3 Nd7 7. Ngf3 e6 8. e3
Qxb3 9. axb3 a6 10. b4 Rc8 11. Bg3 Ngf6 12. h3 Be7 13. Bh2 Bd8 14. Nb3 Bc7 15.
Bxc7 Rxc7 16. b5 cxb5 17. Bxb5 O-O 18. Bxd7 Nxd7 19. Ke2 Ra8 20. Ne5 Bc2 21.
Nd2 Nxe5 22. dxe5 f6 23. f4 fxe5 24. fxe5 Rf8 25. Rhf1 Rcf7 26. Rxf7 Kxf7 27.
c4 Rc8 28. Rc1 Ba4 29. b3 Bc6 30. c5 Bb5+ 31. Kf2 a5 32. Nf3 Ke7 33. Nd4 Bd7
34. Ke2 Be8 35. Kd3 Bg6+ 36. Kd2 Be8 37. Kd3 Bg6+ 38. Ke2 Be8 39. g4 h5 40. g5
Bd7 41. Kf2 Be8 42. Kg2 Rc7 43. Kg3 Rc8 44. Kh4 Rc7 45. g6 Bxg6 46. Nb5 Rc6 47.
Nd6 Rc7 48. Rg1 Bc2 49. Rxg7+ Kd8 50. Nxb7+ Kc8 51. Rxc7+ Kxc7 52. Nxa5 Bd1 53.
b4 Be2 54. Nb3 1-0

[Event "Campeonato del mundo sub-18"]
[Site "Kemer TUR"]
[Date "2009.11.19"]
[Round "8.20"]
[White "Aguirre, Manzo Leopoldo"]
[Black "Lovik, Lasse Ostebo"]
[Result "0-1"]
[WhiteElo "2148"]
[BlackElo "2379"]
[PlyCount "72"]
[EventDate "2009.11.11"]
[EventType "swiss"]
[EventRounds "11"]
[EventCountry "ESP"]
[Source "lmi"]
[SourceDate "2009.11.11"]

1. e4 d5 2. exd5 Nf6 3. Bb5+ Nbd7 4. d4 Nxd5 5. c4 N5f6 6. Nc3 c6 7. Ba4 e5 8.
Nge2 exd4 9. Qxd4 Bc5 10. Qh4 Ne5 11. O-O Ng6 12. Qg3 O-O 13. Rd1 Qe7 14. Bg5
Bf5 15. Nf4 Rfe8 16. h3 h6 17. Nxg6 Bxg6 18. Bh4 Qe6 19. Bb3 Rad8 20. Qc7 Rxd1+
21. Rxd1 Nh5 22. Qd7 Qe5 23. Qxe8+ Qxe8 24. Rd8 Qxd8 25. Bxd8 Nf4 26. Nd1 Be4
27. Nc3 Bxg2 28. Bc7 Ne6 29. Kxg2 Nxc7 30. Ne2 Ne6 31. Bc2 g6 32. f4 f5 33. a3
Kf7 34. Kf3 Kf6 35. b4 Bd6 36. c5 Bxf4 0-1

[Event "Campeonato del mundo sub-18"]
[Site "Kemer TUR"]
[Date "2009.11.19"]
[Round "8.21"]
[White "Demidov, Mikhail"]
[Black "Larmuseau, Maarten"]
[Result "1-0"]
[WhiteElo "2360"]
[BlackElo "2160"]
[PlyCount "111"]
[EventDate "2009.11.11"]
[EventType "swiss"]
[EventRounds "11"]
[EventCountry "ESP"]
[Source "lmi"]
[SourceDate "2009.11.11"]

1. d4 e6 2. e4 d5 3. exd5 exd5 4. Nf3 Bd6 5. c4 dxc4 6. Bxc4 Nf6 7. O-O O-O 8.
Nc3 Bg4 9. h3 Bh5 10. g4 Bg6 11. Ne5 c5 12. Nxg6 hxg6 13. dxc5 Bxc5 14. Bf4
Qxd1 15. Raxd1 Nc6 16. g5 Nh5 17. Bh2 Rad8 18. Kg2 Rd4 19. Rxd4 Nxd4 20. Ne4
Be7 21. Rd1 Rd8 22. Be5 Nf5 23. Rxd8+ Bxd8 24. Kf3 Kf8 25. Nd6 Bxg5 26. Nxb7
Bf6 27. Bb8 Bd4 28. b4 Ke7 29. Na5 Kd7 30. Bxf7 Nf6 31. Nb3 Bb6 32. a4 Nd4+ 33.
Nxd4 Bxd4 34. Bxg6 Nd5 35. Bf5+ Ke7 36. b5 Nc3 37. Bc2 Ke6 38. Bb3+ Kf5 39. Bc7
Bc5 40. Ba5 Bd4 41. Bb4 Ke5 42. Kg4 Ke4 43. f4 Kd3 44. Kf5 Ne2 45. Bd6 Be3 46.
Bf7 Nc3 47. Be5 Nxa4 48. Bxg7 Nc3 49. Be8 Bf2 50. Kg4 Nd5 51. Be5 Be3 52. Bg6+
Kc4 53. Bf7 Kc5 54. h4 Bd2 55. Bxd5 Kxd5 56. h5 1-0

[Event "Campeonato del mundo sub-18"]
[Site "Kemer TUR"]
[Date "2009.11.19"]
[Round "8.22"]
[White "Bukavshin, Ivan"]
[Black "Ollier, Pablo"]
[Result "1/2-1/2"]
[WhiteElo "2426"]
[BlackElo "2259"]
[PlyCount "47"]
[EventDate "2009.11.11"]
[EventType "swiss"]
[EventRounds "11"]
[EventCountry "ESP"]
[Source "lmi"]
[SourceDate "2009.11.11"]

1. c4 c5 2. Nf3 Nc6 3. Nc3 e5 4. g3 g6 5. Bg2 Bg7 6. O-O Nge7 7. d3 O-O 8. a3
d6 9. Nb1 a5 10. Ne1 Be6 11. Nc2 d5 12. cxd5 Nxd5 13. Ne3 Nde7 14. Nc4 Rb8 15.
Be3 b6 16. f4 f5 17. fxe5 Nxe5 18. Bf4 Nxc4 19. dxc4 Bxc4 20. Bxb8 Bd4+ 21. Kh1
Qxb8 22. Qd2 Qe5 23. Rf3 Nd5 24. e4 1/2-1/2

[Event "Campeonato del mundo sub-18"]
[Site "Kemer TUR"]
[Date "2009.11.19"]
[Round "8.25"]
[White "Binder, Michael"]
[Black "Jorczik, Julian"]
[Result "1-0"]
[WhiteElo "2202"]
[BlackElo "2368"]
[PlyCount "59"]
[EventDate "2009.11.11"]
[EventType "swiss"]
[EventRounds "11"]
[EventCountry "ESP"]
[Source "lmi"]
[SourceDate "2009.11.11"]

1. d4 Nf6 2. Nf3 g6 3. c4 Bg7 4. g3 O-O 5. Bg2 d6 6. O-O c6 7. Nc3 Qb6 8. Re1
Qa6 9. b3 b5 10. cxb5 cxb5 11. Bd2 b4 12. Na4 Qb5 13. e4 a5 14. Rc1 Na6 15. h3
Bd7 16. d5 Qb7 17. Bf4 Rac8 18. Nd4 Rxc1 19. Bxc1 Rc8 20. Bg5 Nc5 21. Nc6 Bxc6
22. Nxc5 Qb6 23. dxc6 Qxc5 24. e5 dxe5 25. Bxf6 Bxf6 26. Qd7 Rf8 27. c7 e4 28.
Rxe4 Qc1+ 29. Kh2 Qc2 30. Rc4 1-0

[Event "Campeonato del mundo sub-18"]
[Site "Kemer TUR"]
[Date "2009.11.19"]
[Round "8.26"]
[White "Kaminski, Victor"]
[Black "Anton, Teodor"]
[Result "1-0"]
[WhiteElo "2235"]
[BlackElo "2363"]
[PlyCount "121"]
[EventDate "2009.11.11"]
[EventType "swiss"]
[EventRounds "11"]
[EventCountry "ESP"]
[Source "lmi"]
[SourceDate "2009.11.11"]

1. d4 Nf6 2. Nf3 e6 3. c4 c5 4. d5 b5 5. Bg5 b4 6. e4 h6 7. Bxf6 Qxf6 8. e5 Qd8
9. Nbd2 Bb7 10. Ne4 Qa5 11. Qd2 Na6 12. b3 O-O-O 13. Be2 Nc7 14. O-O Qb6 15. a3
a5 16. axb4 axb4 17. Rfd1 f5 18. Nd6+ Bxd6 19. exd6 Qxd6 20. Qb2 exd5 21. cxd5
Qf6 22. Qa2 Nxd5 23. Rxd5 Bxd5 24. Qa7 Rde8 25. Ra6 Bc6 26. Rb6 Qd6 27. Bb5
Qd1+ 28. Bf1 Kd8 29. Rb8+ Ke7 30. Qxc5+ Qd6 31. Qe3+ Qe6 32. Qc5+ Kf6 33. Rxb4
Bxf3 34. gxf3 d6 35. Qc3+ Qe5 36. Rd4 Kg6 37. Qd3 Rd8 38. Rd5 Qf4 39. Rd4 Qe5
40. Rd5 Qe6 41. Bh3 Rhf8 42. Kg2 Rf6 43. b4 Rc8 44. b5 Rc5 45. Bxf5+ Rxf5 46.
Rxd6 Kf7 47. Rxe6 Kxe6 48. b6 Rg5+ 49. Kf1 Rgd5 50. Qg6+ Kd7 51. Qxg7+ Kc8 52.
f4 Rc1+ 53. Kg2 Rd7 54. Qe5 Kb7 55. Qa5 Kb8 56. f5 Rc6 57. Kg3 Rcd6 58. Kg4
Rd4+ 59. f4 R4d6 60. Qe5 Kb7 61. f6 1-0